|
|
|
|
| LEADER |
00000nab a2200000 a 4500 |
| 001 |
vtls008963158 |
| 003 |
SK-MaSNL |
| 005 |
20260303070741.0 |
| 008 |
070411c20070404xo mr| 0 0slo |
| 038 |
|
|
|a RVGKPD
|
| 040 |
|
|
|a RVGKPD
|b slo
|c RVGKPD
|e AACR2
|
| 041 |
|
|
|a slo
|
| 044 |
|
|
|a xo
|c SK
|
| 080 |
|
|
|a 725.824.4
|2 1997
|
| 245 |
0 |
0 |
|a Žiadajú predĺžiť zmluvu o prenájme kina
|c [autor] (zur)
|
| 300 |
|
|
|b Fotogr.
|
| 610 |
2 |
7 |
|a Kino Čas (Rožňava, Slovensko)
|2 rvgkpd
|9 1058686
|
| 651 |
|
7 |
|a Rožňava (Slovensko)
|2 rvgkpd
|9 17394
|
| 773 |
0 |
|
|t Korzár : Gemerský denník
|g Roč. IX, č. 79 (4.4.2007), s. 2
|x 1335-7581
|
| 852 |
|
|
|a RVGKPD
|b KIS3G
|
| 992 |
|
|
|a RBX
|
| 999 |
|
|
|c 1756768
|d 1758698
|